Statistiques concernant Devinez le prénom des hommes célèbres suivants Quiz 4. - BIG QUIZ

Cliquez ici pour prendre le quiz!

Statistiques générales

  • Ce quiz a été pris 489 fois
    (429 depuis la dernière actualisation)
  • Le résultat moyen est 17 sur 32

Statistiques - réponses

HintRéponse% Correct
De VinciLéonard
90%
MandelaNelson
90%
LennonJohn
88%
PresleyElvis
85%
PicassoPablo
84%
SinatraFrank
83%
HitlerAdolf
82%
Allan PoeEdgar
79%
Van GoghVincent
79%
JacksonMichael
78%
ChurchillWinston
78%
WildeOscar
70%
Van BeethovenLudwig
69%
FranklinBenjamin
64%
FreudSigmund
64%
(Roi soleil)Louis XIV
58%
BlairTony
55%
TwainMark
54%
ChopinFrédéric
51%
WellesOrson
43%
Harvey OswaldLee
39%
KhanGengis
38%
LénineVladimir
29%
GoebbelsJoseph
28%
D'AngleterreElizabeth
27%
NietzscheFriedrich
26%
TeslaNikola
26%
BachJohann Sebastian
10%
VictoriaQueen
10%
MozartWolgang Amadeus
9%
GandhiMohandas Karamchand
7%
Van RijnRembrandt
4%

Distribution des résultats

Percentile par nombre de réponses

% des personnes avec chaque résultat

Votre développement - résultats

Vous n’avez pas pris ce quiz depuis la dernière actualisation